000 01893cam a22005174i 4500
003 PE-LiUPU
005 20250731165639.0
008 150616s r 000 0 d
020 _a0334024854
035 _a(Sirsi) i9780334024859
040 _aPE-LiUPU
_bspa
_cPE-LiUPU
_erda
049 _aPRUA
082 0 4 _a225.924
_bM12
_221
100 1 _aMaccoby, Hyam,
_d1924-,
_eautor.
245 1 0 _aPaul and Hellenism /
_cHyam Maccoby.
264 1 _aPhiladelphia :
_bTrinity Press International,
_c1991.
300 _a222 páginas ;
_c21 centímetros
336 _atext
_2rdacontent
337 _aunmediated
_2rdamedia
338 _avolume
_2rdacarrier
505 0 _aGnostic antisemitism -- Paul and gnosticism -- Paul and the Mystery religions -- Paul and the Eucharist -- Paul and pharisaism -- The Gaston-Gager-Stendahl thesis -Paul, Hellenism and antisemitism.
526 _aSEG44
526 _aSEG26
526 _aP151
526 _aP150
526 _aP149
526 _aP146
526 _aP145
526 _aP126
526 _aP125
526 _aP92
526 _aP75
526 _aP74
526 _aP27
526 _aP15
600 1 _aPablo de Tarso,
_d2 a. C -- c. 66 d. C.
650 0 4 _aAntisemitismo
_xHistoria.
650 0 4 _aGonsticismo.
910 _ajck
_bjvq
_cjck
942 _2ddc
_cBOOK
949 _aRC 225.924 M12
_wDEWEY
_c1
_i40222
_lCCODEBUL1
_mBUL
_r0
_sY
_tBOOK
_u2015-6-16
_xTEOLOGIA
_zUNKNOWN
_0COMPRA
_o.CIRCNOTE. No olvidar cambiar la fecha de devolución!!!!!!!
_o.STAFF. Colección General
994 _aC0
_bPEPRU
596 _a1
999 _aRC 225.924 M12
_wDEWEY
_c58021
_i40222
_f2021-11-8
_g6
_lCCODEBUL1
_mBUL
_r1
_sY
_tBOOK
_u2015-6-16
_xTEOLOGIA
_zUNKNOWN
_0COMPRA
_o.CIRCNOTE. No olvidar cambiar la fecha de devolución!!!!!!!
_o.STAFF. Colección General
_d58021
980 _81
_gALBERTO SANCHEZ Responsable de Automatización